000 01458cam a22003737a 4500
003 CHAP
005 20220329135841.0
008 971013s r 00010 d
010 _a43295
011 _a44267
035 _a48405
040 _cCHAP
090 _aFolleto 8747
100 0 0 _aFreytag, George F.
_943268
245 0 _aEstudio sobre las propiedades nutritivas del frijol Phaseoolus vulgaris L. I. El contenido total de proteina de los tipos de frijol
_c/por George F. Freytag
260 _aMéxico, D.F. :
_bOficina de Estudios Especiales,
_c195?
300 _a31 p.
_b: ilus.
490 0 _aFolleto técnico
_v; 19
490 0 _aSecretaría de Agricultura y Ganadería. Oficina de Estudios Especiales
590 _aBATCH-UPD
_b10
_c20130110
_lUCH01
_h0320
590 _aBATCH-UPD
_b10
_c20130110
_lUCH01
_h1934
590 _aBATCH-UPD
_b10
_c20130409
_lUCH01
_h2353
590 _aBATCH-UPD
_b10
_c20130914
_lUCH01
_h1424
590 _aCONVERSION
_b10
_c20130109
_lUCH01
_h1324
650 1 4 _aFrijol
_xProteínas en.
_943423
650 1 4 _aFrijol
_xValor nutritivo.
_943445
650 1 4 _aFrijol
_xVariedades.
_943446
830 0 _aFolleto técnico
_v; 19
_942067
830 0 0 _aSecretaría de Agricultura y Ganadería. Oficina de Estudios Especiales
_9103541
901 _aBK
942 _cFOLL
949 _aFolleto 8747
_bBC
_cBPP
_d-109656
_eBPP
_i48405
_mD. Ing. de la Puente
_si
949 _aFolleto 8747
_bBC
_cBPP
_d48405
_eBPP
_fc.2
_gDonaciØn
_i48405
_sb
999 _c43295
_d43295